Globální ekonomická governance: její formy, projevy a vývoj v EU a hlavních centrech světové ekonomiky

Charakteristika globalizačnej tendencie vo svetovej ekonomike vrátane dopadov na EÚ a ďaľšie svetové centrá. Podstata pojmu ekonomickej governance, jej pôsobenie v rôznych typoch trhovej ekonomiky (USA, Japonsko, EÚ). Zmeny vo formách governance.

Uložené v:
Podrobná bibliografia
Hlavný autor: Neumann, Pavel
Médium: Kapitola
Jazyk:Czech
Predmet:
Tagy: Pridať tag
Žiadne tagy, Buďte prvý, kto otaguje tento záznam!

MARC

LEADER 00000naa a2200000 4500
001 0143641
005 20231204125226.9
041 0 |a cze 
044 |a CZ 
245 1 0 |a Globální ekonomická governance: její formy, projevy a vývoj v EU a hlavních centrech světové ekonomiky  |c Pavel Neumann 
520 |a Charakteristika globalizačnej tendencie vo svetovej ekonomike vrátane dopadov na EÚ a ďaľšie svetové centrá. Podstata pojmu ekonomickej governance, jej pôsobenie v rôznych typoch trhovej ekonomiky (USA, Japonsko, EÚ). Zmeny vo formách governance. 
610 2 0 |a hospodárstvo svetové 
610 2 0 |a hospodárstvo trhové 
610 2 0 |a USA 
610 2 0 |a Japonsko 
610 2 0 |a Európska únia 
610 2 0 |a globalizácia 
100 1 |a Neumann, Pavel